Zgadnij prowincję Kanady po skrócie literowym - Statystyki

Ogólne statystyki
  • Ten quiz został rozwiązany 12 razy
  • Średni wynik to 8 z 13
Statystyki odpowiedzi
Skrót Prowincja/Terytorium % Poprawnych
ON Ontario
100%
QC Quebec
100%
AB Alberta
82%
SK Saskatchewan
82%
MB Manitoba
73%
NS Nowa Szkocja
64%
NU Nunavut
64%
NB Nowy Brunszwik
55%
YT Jukon
45%
BC Kolumbia Brytyjska
45%
NT Terytoria Północno-Zachodnie
36%
PE Wyspa Księcia Edwarda
36%
NL Nowa Fundlandia i Labrador
27%
Nie znaleziono quizów pasujących do podanych kryteriów
Rozkład punktacji
Procent ludzi z każdym wynikiem
Percentyl według liczby udzielonych odpowiedzi
Twoja historia wyników
Nie rozwiązałeś tego quizu